[Event "FRA Cup"]
[Site "France"]
[Date "1993.??.??"]
[Round "?"]
[White "Dubois, Jean Marie"]
[Black "Louvert, Eric"]
[Result "1-0"]
[WhiteElo "2300"]
[BlackElo "2165"]
[PlyCount "69"]
[EventDate "1993.??.??"]
[EventType "team"]
[EventRounds "5"]
[EventCountry "FRA"]
[SourceTitle "EXT 2004"]
[Source "ChessBase"]
[SourceDate "2003.11.25"]
[SourceVersion "1"]
[SourceVersionDate "2003.11.25"]
[SourceQuality "1"]

1. e4 e6 2. Nf3 d5 3. e5 c5 4. b4 cxb4 5. a3 Nc6 6. axb4 Bxb4 7. c3 Bf8 8. d4 Nge7 9. Ba3 Ng6 10. Bxf8 Nxf8 11. h4 f6 12. Bd3 Ng6 13. h5 Nf4 14. Bf1 fxe5 15. dxe5 0-0 16. g3 Qc7 17. gxf4 Rxf4 18. Ra4 Re4+ 19. Be2 Bd7 20. Rxe4 dxe4 21. Ng5 Nxe5 22. Nxe4 Bc6 23. Qd4 Rf8 24. Nbd2 Qa5 25. 0-0 Rf4 26. f3 Nf7 27. Qe3 Rf5 28. Ng3 Re5 29. Nde4 Qc7 30. Kf2 Ng5 31. Kg2 Qf7 32. Qd4 Rd5 33. Nxg5 Rxg5 34. Qd8+ Be8 35. Qxg5 1-0